Historie d'un morceau de verre / (Record no. 158505)

MARC details
000 -LEADER
campo de control de longitud fija 00665nam a2200205 i 4500
001 - NÚMERO DE CONTROL
campo de control 158505
003 - IDENTIFICADOR DE NÚMERO DE CONTROL
campo de control ES-MaACL
005 - FECHA Y HORA DE LA ÚLTIMA TRANSACCIÓN
campo de control 20230906211155.0
008 - DATOS DE LONGITUD FIJA--INFORMACIÓN GENERAL
campo de control de longitud fija 011115s1869 fr a |||| | fre d
040 ## - FUENTE DE CATALOGACIÓN
Centro catalogador/agencia de origen CCPB | B
Lengua de catalogación spa
Centro/agencia transcriptor CCPB | B
100 1# - ENTRADA PRINCIPAL--NOMBRE DE PERSONA
Nombre de persona Magny, Jules.
9 (RLIN) 129349
245 10 - MENCIÓN DEL TÍTULO
Título Historie d'un morceau de verre /
Mención de responsabilidad, etc. par Jules Magny.
260 ## - PUBLICACIÓN, DISTRIBUCIÓN, ETC.
Lugar de publicación, distribución, etc. Paris :
Nombre del editor, distribuidor, etc. P. Brunet,
Fecha de publicación, distribución, etc. 1869.
300 ## - DESCRIPCIÓN FÍSICA
Extensión 216 p. :
Otras características físicas il. ;
Dimensiones 18 cm.
490 1# - MENCIÓN DE SERIE
Mención de serie Bibliothèque de la science pittoresque
650 #4 - PUNTO DE ACCESO ADICIONAL DE MATERIA--TÉRMINO DE MATERIA
Término de materia o nombre geográfico como elemento de entrada Vidrio.
9 (RLIN) 150481
830 0# - PUNTO DE ACCESO ADICIONAL DE SERIE-TÍTULO UNIFORME
Título uniforme Bibliothèque de la science pittoresque
9 (RLIN) 187934
852 ## - LOCALIZACIÓN
Ubicación ES-MaACL
Número de control de estantería D-1473
Nota libre -- Rúst.
-- .- Legado M. de la Fuente
Holdings
Estatus retirado Estado de pérdida Estado de daño No para préstamo Colección Biblioteca de origen Biblioteca actual Ubicación en estantería Fecha de adquisición Fuente de adquisición Total de préstamos Signatura topográfica completa Código de barras Visto por última vez Precio de reemplazo Tipo de ítem Koha
        Libros del s. XIX Biblioteca del Ateneo de Madrid Biblioteca del Ateneo de Madrid Sala Valle Inclán 17/01/2008     D-1473 901165903 23/02/2023 23/02/2023 Libro impreso antiguo